Славянское языкознание. [Ч. 2. 1956-1960 (Запись № 9475240)

Подробности
000 -МАРКЕР
контрольное поле 01393nam2a22002771 4500
001 - ИДЕНТИФИКАТОР ЗАПИСИ
контрольное поле rc\4725384
005 - ИДЕНТИФИКАТОР ВЕРСИИ
контрольное поле 20240709120900.0
021 ## - НОМЕР ГОСУДАРСТВЕННОЙ РЕГИСТРАЦИИ
Код страны Российская Федерация
Номер [63-76925]
035 ## - ДРУГИЕ СИСТЕМНЫЕ НОМЕРА
Идентификатор записи (NLR Aleph) 008730732
100 ## - ДАННЫЕ ОБЩЕЙ ОБРАБОТКИ
Данные общей обработки 20130416d1963 |||y0rusy50 ca
101 0# - ЯЗЫК РЕСУРСА
Язык текста, звукозаписи и т.д. русский
102 ## - СТРАНА ПУБЛИКАЦИИ ИЛИ ПРОИЗВОДСТВА
Страна публикации Российская Федерация
105 ## - ПОЛЕ КОДИРОВАННЫХ ДАННЫХ: ТЕКСТОВЫЕ МАТЕРИАЛЫ, МОНОГРАФИЧЕСКИЕ
Кодированные данные о монографическом текстовом документе y z |||||
200 0# - ЗАГЛАВИЕ И СВЕДЕНИЯ ОБ ОТВЕТСТВЕННОСТИ
Основное заглавие [Ч. 2. 1956-1960
Первые сведения об ответственности Сост. И.Е. Можаева и М.В. Ляпон]
210 ## - ПУБЛИКАЦИЯ, РАСПРОСТРАНЕНИЕ И ДР.
Дата издания, распространения и т.д. 1963
215 ## - ФИЗИЧЕСКАЯ ХАРАКТЕРИСТИКА
Специфическое обозначение материала и объем 450 с.
461 #0 - УРОВЕНЬ НАБОРА
Встроенное поле 001rc\4725383
-- 2001#$aСлавянское языкознание$eБиблиогр. указатель литературы, изд. в СССР с 1918 по 1960 гг.$f[Ред. коллегия: С.Б. Берншейн и др.]$gАкад. наук СССР. Ин-т рус. яз. Ин-т славяноведения. Фундам. б-ка обществ. наук$v[Ч. 2. 1956-1960
Системный номер (АБИС) связанной записи 9475236
Место публикации Москва
Дата публикации 1963
Первые сведения об ответственности [Ред. коллегия: С.Б. Берншейн и др.]
Имя издателя, распространителя и т.д. Изд-во Акад. наук СССР
Сведения, относящиеся к заглавию Библиогр. указатель литературы, изд. в СССР с 1918 по 1960 гг.
Заглавие Славянское языкознание
Номер тома [Ч. 2. 1956-1960
702 #1 - ИМЯ ЛИЦА - ВТОРИЧНАЯ ОТВЕТСТВЕННОСТЬ
Начальный элемент ввода Ляпон
Часть имени, кроме начального элемента ввода М. В.
Код отношения Составитель
702 #1 - ИМЯ ЛИЦА - ВТОРИЧНАЯ ОТВЕТСТВЕННОСТЬ
Начальный элемент ввода Можаева
Часть имени, кроме начального элемента ввода И. Е.
Код отношения Составитель
801 #0 - ИСТОЧНИК ЗАПИСИ
Страна Российская Федерация
Организация NLR
Правила каталогизации psbo
801 #1 - ИСТОЧНИК ЗАПИСИ
Страна Российская Федерация
Организация ELAR
Источник данных rusmarc
852 ## - МЕСТОНАХОЖДЕНИЕ И ШИФР ХРАНЕНИЯ
Идентификатор организации NLR
Шифр хранения (Call Number) с961-420/С-47
942 ## - ДОПОЛНИТЕЛЬНЫЕ ЭЛЕМЕНТЫ ЗАПИСИ (АБИС)
Тип экземпляра АБИС Книга
980 ## - КОЛЛЕКЦИЯ
Название коллекции Национальная библиография
Экземпляры
Тип экземпляра Дата поступления Библиотека постоянного хранения Библиотека текущего хранения Место хранения Шифр хранения Штрих-код Статус экземпляра
Книга 26.10.2013 РНБ (Московский) РНБ (Московский) Центральная справочная библиотека с961-420/С-47 1-4644726